Intercommunalités de Gironde - Statistiques

Statistiques générales
  • Ce quiz a été pris 72 fois
  • Le résultat moyen est 9 sur 28
Statistiques - réponses
Nombres de Communes Intercommunalités % Correct
28 Bordeaux Métropole
100%
04 Communauté d'agglomération Bassin d'Arcachon Sud
86%
45 Communauté d'agglomération du Libournais
86%
20 Communauté de communes de Blaye
57%
18 Communauté de communes Médoc Cœur de Presqu'île
57%
08 Communauté d'agglomération du Bassin d'Arcachon Nord
41%
16 Communauté de communes du Grand Cubzaguais
41%
22 Communauté de communes du Grand Saint-Émilionnais
39%
41 Communauté de communes du Réolais en Sud Gironde
39%
31 (dont 01 en Dordogne) Communauté de communes Castillon-Pujols
34%
31 Communauté de communes du Bazadais
32%
50 Communauté des communes rurales de l'Entre-Deux-Mers
32%
15 Communauté de communes du Créonnais
30%
14 Communauté de communes Médoc Atlantique
27%
03 Communauté de communes Jalle Eau Bourde
25%
05 Communauté de communes du Val de l'Eyre
23%
06 Communauté de communes Les Rives de la Laurence
20%
13 Communauté de communes de Montesquieu
18%
20 (dont 01 en Dordogne) Communauté de communes du Pays Foyen
16%
12 Communauté de communes Latitude Nord Gironde
16%
10 Communauté de communes Médullienne
16%
27 Communauté de communes Convergence Garonne
14%
11 Communauté de communes des Portes de l'Entre-Deux-Mers
11%
10 Communauté de communes Médoc Estuaire
11%
08 Communauté de communes des Coteaux Bordelais
7%
18 Communauté de communes du Fronsadais
7%
37 Communauté de communes du Sud Gironde
5%
14 Communauté de communes de l'Estuaire
2%
Aucun quiz correspondant
Distribution des résultats
% des personnes avec chaque résultat
Percentile par nombre de réponses
Votre historique - résultats
Vous n’avez pas pris ce quiz